Statistiques concernant Les arbres

Cliquez ici pour prendre le quiz!

Statistiques générales

  • Ce quiz a été pris 265 fois
    (264 depuis la dernière actualisation)
  • Le résultat moyen est 5 sur 30

Statistiques - réponses

HintRéponse% Correct
Quel est l'espèce d'arbre la plus répandue en France?Chêne
83%
Selon la tradition française, quel est l'arbre "roi des forêts"?Sapin
79%
Quelle est l'espèce d'arbre ayant la plus grande taille?Sequoia
70%
Quelle espèce d'arbre produit les fruits que l'on appelle "pains de singe"?Baobab
69%
De quelles espèces d'arbres se nourrissent tout particulièrement les koalas?Eucalyptus
51%
Quel pays arbore une cèdre sur son drapeau?Liban
47%
Quel arbre était le symbole d'Athènes, offert par la déesse Athéna au peuple?Olivier
30%
Avec les fruits de quel arbre produit-on le chocolat?Cacaoyer
26%
Dans quel pays se situe l'arbre non-clonal le plus vieux du monde (Pin Bristlecone)?Etats-Unis
19%
Quel pays est le premier producteur au monde de noix du Brésil, le fruit du noyer d'Amazonie (50% de la production mondiale)?Bolivie
17%
Quelle espèce d'arbre possède pour nom latin Juglans regia?Noyer
15%
Quelle est l'espèce de conifère ayant le plus d'aiguilles (45-50 millions une fois adulte)Cyprès
12%
Quel est le nom général donné aux cerisiers ornementaux au Japon?Sakura
8%
Sur quelle île ne reste-t-il qu'un seul spécimen de l'espèce Hyophorbe amaricaulis?Maurice
5%
Quel est le nom attribué à l'Arbre du Monde dans la mythologie nordique?Yggdrasil
5%
Quelle est la seule espèce d'arbre connue pour résister aux explosions nucléaires?Ginkgo biloba
4%
Selon la Bible, comment s'appelle l'arbre symbolisant l'immortalité?Arbre de vie
3%
Auprès de quelles espèces d'arbres le Bouddha Shakyamuni est-il connu pour avoir médité?Sal
2%
Au Canada, quel arbre possède les racines les plus étendues connues à ce jour?Tremble
2%
Quelle est l'espèce d'arbre ayant la circonférence la plus grande?Cyprès chauve
1%
Quel pays est le premier à être connu pour avoir cultivé des arbres dans des pots, desquels derivèrent plus tard les bonsaïEgypte
1%
Quel est le nom latin de l'abricotier commun?Prunus armeniaca
1%
Comment se nomme un arbre sur lequel l'on accroche des chiffons ou que l'on cloue pour obtenir des guérisons?Arbre à loques
0%
Quelle est l'espèce d'arbre dont les fruits sont les plus gros (jusqu'à 20kg)?Cocotier de mer
0%
Quelle zone géographie de l'Afrique semble être l'aire d'origine du palmier à huile?Golfe de Guinée
0%
Quelle est l'espèce d'arbre la plus vieille au monde dont les 40ha sont tous issus d'une même racine?Peuplier faux-tremble
0%
Quel est l'autre nom de la sapote blanche?Pommier mexicain
0%
Quelle est l'espèce d'arbre dont la taille est la plus petite?Saule arctique
0%
Quelle est l'espèce d'arbre dont les feuilles ne tombent jamais et qui représente la quasi totalité des arbres en Mongolie?Saxaul
0%
Quel est l'arbre emblématique de l'Afrique du Sud?Sidéroxylon
0%

Distribution des résultats

Percentile par nombre de réponses

% des personnes avec chaque résultat

Votre développement - résultats

Vous n’avez pas pris ce quiz depuis la dernière actualisation